Aalam islam ke azeem mubalagh doctor Zakr Naik : (Record no. 328762)
[ view plain ]
| 000 -LEADER | |
|---|---|
| fixed length control field | 00776nam a22002057a 4500 |
| 003 - CONTROL NUMBER IDENTIFIER | |
| control field | Nust |
| 005 - DATE AND TIME OF LATEST TRANSACTION | |
| control field | 20190808044730.0 |
| 008 - FIXED-LENGTH DATA ELEMENTS--GENERAL INFORMATION | |
| fixed length control field | 170416b xxu||||| |||| 00| 0 eng d |
| 038 ## - RECORD CONTENT LICENSOR | |
| Staff Name | Arshad |
| 040 ## - CATALOGING SOURCE | |
| Transcribing agency | Nust |
| 082 ## - DEWEY DECIMAL CLASSIFICATION NUMBER | |
| Classification number | 297 |
| Author Mark | NAI |
| 100 ## - MAIN ENTRY--PERSONAL NAME | |
| Personal name | Naik, Zakir |
| 9 (RLIN) | 17055 |
| 245 ## - TITLE STATEMENT | |
| Title | Aalam islam ke azeem mubalagh doctor Zakr Naik : |
| Remainder of title | khutbaat o munazray/ |
| Statement of responsibility, etc. | talkhees o editing Naseer Ahmed Chohan |
| 260 ## - PUBLICATION, DISTRIBUTION, ETC. | |
| Place of publication, distribution, etc. | Lahore: |
| Name of publisher, distributor, etc. | Dua Publication, |
| Date of publication, distribution, etc. | 2008 |
| 300 ## - PHYSICAL DESCRIPTION | |
| Extent | 516 p. |
| 650 ## - SUBJECT ADDED ENTRY--TOPICAL TERM | |
| Topical term or geographic name entry element | Speeches |
| 9 (RLIN) | 19181 |
| 880 ## - ALTERNATE GRAPHIC REPRESENTATION | |
| Linkage | 245-02\r |
| Title | عالم اسلام کے عظیم مبلغ ڈاکٹر ذاکر نائیک |
| b | خطبات و مناظرے |
| c | تلخیص و ایڈیٹنگ: نصیر احمد چوہان |
| 880 ## - ALTERNATE GRAPHIC REPRESENTATION | |
| Linkage | 260-03\r |
| Title | لاہور: |
| b | دعا پبلی کیشنز، |
| c | 2008 |
| 942 ## - ADDED ENTRY ELEMENTS (KOHA) | |
| Source of classification or shelving scheme | |
| Koha item type | Book |
| Withdrawn status | Lost status | Source of classification or shelving scheme | Damaged status | Not for loan | Permanent Location | Current Location | Shelving location | Date acquired | Total Checkouts | Total Renewals | Full call number | Barcode | Date last seen | Date last checked out | Copy number | Price effective from | Koha item type |
|---|---|---|---|---|---|---|---|---|---|---|---|---|---|---|---|---|---|
| Central Library (CL) | Central Library (CL) | First Floor - Islam | 04/16/2017 | 2 | 3 | 297.04 NAI | CL1829 | 11/13/2023 | 09/01/2019 | 1 | 04/16/2017 | Book |
